000
00195 a2200097 4500
020
_a
9781984831309
041
_a
spa
100
_a
Suess, Dr
245
_a
Dr. Suess Libros de Animales
942
_c
BK
999
_c
30452
_d
30450